000 01106cam a2200313 a 4500
001 1143
005 20230815115612.0
008 991216s2000 nyu b 000 1 eng
020 _aPQ14626548
040 _aDLC
_cDLC
_dDLC
_beng
050 0 0 _aPZ7.A2615
_bCaabf 2000
082 0 0 _a[Fic]
_221
100 1 _aAdler, David A.
245 1 0 _aCam Jansen and the birthday mystery /
_cDavid Adler ; illustrated by Susanna Natti
250 _aFirst Scholastic printing, September 2002
260 _aNew York :
_bScholastic,
_c2002
300 _a58 pages :
_billustrations ;
_c20 cm.
490 1 _aA Cam Jansen adventure ;
505 _aN
520 _aWhen Cam's grandparents are robbed on their way to her parents' surprise birthday party, Cam uses her photographic memory to solve the mystery.
521 _a590
_bLexile
521 _aN
_bRaz-Plus
650 1 _aBirthdays
_vFiction.
650 1 _aGrandparents
_vFiction.
650 1 _aMystery and detective stories.
700 1 _aNatti, Susanna
_eillustrator
906 _a7
_bcbc
_corignew
_d1
_eocip
_f19
_gy-gencatlg
942 _2ddc
_cBK
_n0
999 _c1143
_d1143